Provincia de amor

Wedi'i Gadw mewn:
Manylion Llyfryddiaeth
Prif Awdur: Baeza Flores, Alberto
Fformat: Llyfr
Iaith:Undetermined
Cyhoeddwyd: La Habana, Cuba Marcha 1950
Pynciau:
Tagiau: Ychwanegu Tag
Dim Tagiau, Byddwch y cyntaf i dagio'r cofnod hwn!

MARC

LEADER 00000nam a2200000Ia 4500
008 170316s9999 xx 000 0 und d
040 |a cru BVZT 
090 |a 860 B-2pr 
100 |a Baeza Flores, Alberto 
245 |a Provincia de amor 
260 |a La Habana, Cuba 
260 |b Marcha 
260 |c 1950 
300 |a 62 páginas 
650 |a LITERATURA LATINOAMERICANA 
999 |c 8416  |d 8416 
942 |c 15 D  |h 860 B-2pr  |2 z